<?xml version="1.0" encoding="UTF-8"?>
<marc:record xmlns:marc="http://www.loc.gov/MARC21/slim">
   <marc:leader>00000nam a2200000 a 4500</marc:leader>
   <marc:datafield ind1="1" ind2=" " tag="100">
      <marc:subfield code="a">Hasmann, Gabriele</marc:subfield>
      <marc:subfield code="4">aut</marc:subfield>
      <marc:subfield code="e">Verfasser/-in</marc:subfield>
   </marc:datafield>
   <marc:datafield ind1=" " ind2=" " tag="653">
      <marc:subfield code="a">Bräuche</marc:subfield>
   </marc:datafield>
   <marc:datafield ind1=" " ind2=" " tag="653">
      <marc:subfield code="a">Salzkammergut</marc:subfield>
   </marc:datafield>
   <marc:datafield ind1=" " ind2=" " tag="653">
      <marc:subfield code="a">Österreich</marc:subfield>
   </marc:datafield>
   <marc:datafield ind1=" " ind2=" " tag="653">
      <marc:subfield code="a">Bad Ischl</marc:subfield>
   </marc:datafield>
   <marc:datafield ind1=" " ind2=" " tag="653">
      <marc:subfield code="a">Rituale</marc:subfield>
   </marc:datafield>
   <marc:datafield ind1="0" ind2="0" tag="245">
      <marc:subfield code="a">Mystisches Salzkammergut</marc:subfield>
   </marc:datafield>
   <marc:datafield ind1="0" ind2="0" tag="245">
      <marc:subfield code="b">Rätselhafte Phänomene, geheimnisvolle Bräuche und märchenhafte Plätze</marc:subfield>
   </marc:datafield>
   <marc:datafield ind1="0" ind2="0" tag="245">
      <marc:subfield code="c">Gabriele Hasmann</marc:subfield>
   </marc:datafield>
   <marc:datafield ind1=" " ind2="1" tag="264">
      <marc:subfield code="a">XX</marc:subfield>
      <marc:subfield code="b">Carl Ueberreuter Verlag</marc:subfield>
      <marc:subfield code="c">2023</marc:subfield>
   </marc:datafield>
   <marc:datafield ind1=" " ind2=" " tag="250">
      <marc:subfield code="a">1. Auflage</marc:subfield>
   </marc:datafield>
   <marc:datafield ind1="1" ind2=" " tag="520">
      <marc:subfield code="a">Das Salzkammergut - geheimnisvoll und wunderschön Die Idylle blitzblauer Seen, majestätischer Gipfel und zuckersüßer Operettenmelodien in Kombination mit einer sagendurchwirkten Geschichte - so kennt die Welt das Salzkammergut im Herzen Österreichs. Bei dem malerischen Bergland mit über 30 Seen handelt es sich um eine Region voller Kontraste, die Jahr für Jahr tausende Besucher in ihren Bann zieht. Die Menschen siedelten sich hier bereits vor Jahrtausenden an, das Salz im Gestein lockte sie und das Leben am Wasser verhieß ein gutes Leben. Noch immer werden viele alte Bräuche und mystische Rituale, die ihren Ursprung in der weit zurückliegenden Vergangenheit haben, gepflegt. Und es gibt kaum sonst irgendwo im Land so viele geheimnisvolle Mythen, rätselhafte Phänomene und kraftvolle Energietankstellen wie im Salzkammergut. Tradition, Rituale, Kraftplätze Von lieblichen Wildfrauen, Saligen und Flinserln Kulturhauptstadt Europas 2024 : Bad Ischl Salzkammergut</marc:subfield>
   </marc:datafield>
   <marc:datafield ind1=" " ind2=" " tag="020">
      <marc:subfield code="a">9783800078431</marc:subfield>
      <marc:subfield code="9">9783800078431</marc:subfield>
   </marc:datafield>
   <marc:datafield ind1=" " ind2=" " tag="020">
      <marc:subfield code="a">3800078430</marc:subfield>
      <marc:subfield code="9">3800078430</marc:subfield>
   </marc:datafield>
   <marc:datafield ind1=" " ind2=" " tag="500">
      <marc:subfield code="a">Deutsch</marc:subfield>
   </marc:datafield>
   <marc:datafield ind1=" " ind2=" " tag="300">
      <marc:subfield code="a">200 Seiten</marc:subfield>
   </marc:datafield>
</marc:record>
